Frank Wood's Business accounting 1 / (Record no. 630)

MARC details
000 -LEADER
fixed length control field 00845pam a22002891i 4500
001 - CONTROL NUMBER
control field 848967
003 - CONTROL NUMBER IDENTIFIER
control field OSt
005 - DATE AND TIME OF LATEST TRANSACTION
control field 20130210100652.0
008 - FIXED-LENGTH DATA ELEMENTS--GENERAL INFORMATION
fixed length control field 780920s1979 enk 001 0 eng
010 ## - LIBRARY OF CONGRESS CONTROL NUMBER
LC control number 78040835
015 ## - NATIONAL BIBLIOGRAPHY NUMBER
National bibliography number GB79
020 ## - INTERNATIONAL STANDARD BOOK NUMBER
International Standard Book Number 0582415594 :
Terms of availability £4.95
020 ## - INTERNATIONAL STANDARD BOOK NUMBER
International Standard Book Number 582422116
040 ## - CATALOGING SOURCE
Original cataloging agency DLC
Transcribing agency DLC
Modifying agency DLC
050 10 - LIBRARY OF CONGRESS CALL NUMBER
Classification number HF5635
Item number .W863 1979
082 00 - DEWEY DECIMAL CLASSIFICATION NUMBER
Classification number 657.7 WOO
100 1# - MAIN ENTRY--PERSONAL NAME
Personal name Wood, Frank,
9 (RLIN) 1824
245 10 - TITLE STATEMENT
Title Frank Wood's Business accounting 1 /
Statement of responsibility, etc Frank Wood. _
250 ## - EDITION STATEMENT
Edition statement 1st ed. _
260 ## - PUBLICATION, DISTRIBUTION, ETC. (IMPRINT)
Place of publication, distribution, etc London ;
-- New York :
Name of publisher, distributor, etc Longman,
Date of publication, distribution, etc c1967, 1970.
300 ## - PHYSICAL DESCRIPTION
Extent 20cm.
500 ## - GENERAL NOTE
General note Includes index.
650 #0 - SUBJECT ADDED ENTRY--TOPICAL TERM
Topical term or geographic name as entry element Accounting.
9 (RLIN) 1489
906 ## - LOCAL DATA ELEMENT F, LDF (RLIN)
a 7
b cbc
c orignew
d 1
e ocip
f 19
g y-gencatlg
942 ## - ADDED ENTRY ELEMENTS (KOHA)
Source of classification or shelving scheme Dewey Decimal Classification
Item type Books
Holdings
Withdrawn status Lost status Source of classification or shelving scheme Damaged status Not for loan Home library Current library Shelving location Date acquired Total Checkouts Full call number Barcode Date last seen Price effective from Koha item type
    Dewey Decimal Classification     Law Development Centre Main Library Law Development Centre Main Library Text Books and Laws 04/26/2011   657.7 WOO 70/287 04/26/2011 04/26/2011 Books